Entry Personal Name
Number of records used in: 2
001 - CONTROL NUMBER
003 - CONTROL NUMBER IDENTIFIER
005 - DATE AND TIME OF LATEST TRANSACTION
- control field:
20171205160431.0
008 - FIXED-LENGTH DATA ELEMENTS
- fixed length control field:
171205|| aca||aabn | a|a d
040 ## - CATALOGING SOURCE
- Original cataloging agency:
OSt
- Transcribing agency:
OSt
100 ## - HEADING--PERSONAL NAME
- Personal name:
MITRA, S.N.
670 ## - SOURCE DATA FOUND
- Source citation:
Work cat.: (OSt): MITRA, S.N., QUESTION, BANK FOR ONLINE COAL MINE MANAGERS CERTIFICATE EXAMINATION ON MINE MANEGEMENT, LEGISLATION AND GENERAL SAFETY